Rahsia penawar hati : Membentuk ahlak mulia

Bibliographic Details
Main Author: Al-Ghazali
Format: Book
Published: Selangor : Pustaka Ilmi , 2003
Subjects:

MARC

LEADER 00000cam a2200000 7i4500
001 0000013635
005 20080118.0
008 180108
020 |a 9830982726 
090 0 0 |a 297.57   |b GHA 
100 1 |a Al-Ghazali 
245 1 0 |a Rahsia penawar hati :   |b Membentuk ahlak mulia   |c Al-Ghazali 
260 |a Selangor :   |b Pustaka Ilmi ,   |c 2003 
650 0 |a Islamic ethics 
650 0 |a Muslims   |x Conduct of life 
650 0 |a Religions life   |x Islam 
999 |a 0001008790   |b Book   |c Adult Collection   |e Perbadanan Perpustakaan Awam Johor 
999 |a 0001008791   |b Book   |c Adult Collection   |e Perbadanan Perpustakaan Awam Johor